| 000 | 01045cam a2200337 a 4500 | ||
|---|---|---|---|
| 001 | 5417328 | ||
| 003 | AQWOLKTG | ||
| 005 | 20220326193249.0 | ||
| 008 | 050510s2005 sp 000 p spa c | ||
| 020 | _a8475225756 | ||
| 035 | _a(OCoLC)ocm60372807 | ||
| 035 | _a(NNC)5417328 | ||
| 040 |
_aPL# _cPL# _dIQU _dNNC |
||
| 042 | _apcc | ||
| 050 | 4 |
_aPQ7489.2.C496 _bC53 2005 |
|
| 082 |
_a861.728.6 _bC512c |
||
| 100 | 1 |
_aChaves, Luis, _d1969- _9481 |
|
| 245 | 1 | 0 |
_aChan Marshall / _cLuis Chaves. |
| 260 |
_aMadrid : _bVisor Libros, _c[2005] |
||
| 300 |
_a87 p. ; _c20 cm. |
||
| 490 | 1 |
_aColección Visor de poesía ; _vv. 575 |
|
| 500 | _aPoems. | ||
| 500 | _a"III Premio Fray Luis de León de la Diputación Provincial de Cuenca". | ||
| 650 |
_aLiteratura _vPoesía _zCosta Rica _9562 |
||
| 653 |
_aLiteratura costarriquense _aPoesías _aSiglo XX. |
||
| 653 |
_aPoesía costarriquense _aSiglo XX. |
||
| 700 |
_aLuis Chaves _9482 |
||
| 830 | 0 |
_aColección Visor de poesía ; _vv. 575. _9483 |
|
| 948 | 1 |
_a20050908 _bc _cas2107 _dMPS |
|
| 999 |
_c97 _d97 |
||